| 000 | 00613cam a22002053a 4500 | ||
|---|---|---|---|
| 001 | 44865 | ||
| 003 | PGUSA | ||
| 005 | 20140828084026.0 | ||
| 008 | 140210s2014||||xxu|||||s|||||000 | eng d | ||
| 040 |
_aPGUSA _beng |
||
| 042 | _adc | ||
| 100 | 1 | _aRichardson, Albert D. | |
| 245 | 1 | 4 |
_aThe Secret Service. : _bThe Field, The Dungeon, and The Escape _h[electronic resource] / _cAlbert D. Richardson |
| 260 |
_bProject Gutenberg, _c2014 |
||
| 506 | _aPublic domain in the USA. | ||
| 516 | _aElectronic text | ||
| 830 | 0 |
_aProject Gutenberg _v44865 |
|
| 856 | 4 | 0 | _uhttp://www.gutenberg.org/ebooks/44865 |
| 942 | _cEB | ||
| 999 |
_c274116 _d274116 |
||